000 01078nam a2200265Ia 4500
003 OSt
005 20220918110917.0
006 a|||||r|||| 00| 0
007 ta
008 220915b |||||||| |||| 00| 0 hin d
020 _a9789380146300 (hbk (Set))
_c1400
024 _a260027
037 _bIN-01143, 16/02/2011, Kitab Ghar Prakashan
_cReference Collections
040 _aARTS
_cARTS
_bhin
041 _2hin
_ahin
082 _aO152,2NSHx, Q0.1-.3(RR)
100 _aशेष, शंकर
245 0 _aशंकर शेष
_b समग्र नाटक
246 _aShankar sheṣha: samagra nāṭaka
260 _aनई दिल्ली
_bकिताबघर प्रकाशन भारत
_c2010
490 _vखण्ड 1
700 _a कुकरेती, हेमंत, संपा.
_910166
942 _hO152,2NSHx, Q0.1-.3(RR)
_cREF
999 _c115667
_d115667